000 01118cam a22003377a 4500
003 CHAP
005 20220329140407.0
008 971013s1947 r 00010 d
010 _a51358
011 _a52330
035 _a56480
040 _cCHAP
090 _aTesis
100 0 0 _aFernández Castillero, Antonio.
_940139
245 1 3 _aEl cultivo de papa y la necesidad de asociar a los productores en el Valle de Zamora Mich.
260 _a(Morelia, Mich.) :
_bEl autor,
_c1947
300 _a45 h.
_b: ilus.
502 _aTesis (Ing. Agr. Esp. en Economía) -- ENA
590 _aALEPH
_b10
_c20130110
_lUCH01
_h1327
590 _aBATCH-UPD
_b10
_c20130110
_lUCH01
_h0643
590 _aBATCH-UPD
_b10
_c20130410
_lUCH01
_h0327
590 _aBATCH-UPD
_b10
_c20130914
_lUCH01
_h1355
590 _aCONVERSION
_b10
_c20130109
_lUCH01
_h1328
650 1 4 _aAgricultura
_xSociedades.
_91797
650 1 4 _aPapa
_xMichoacán.
_985262
901 _aBK
942 _cFOLL
949 _bBC
_cTES
_d-123363
_eTS1
_i56480
_si
949 _bBC
_cTES
_d-123364
_eTS2
_fc.2
_i56480
_si
949 _bBC
_cTES
_d33724000981841
_eTS2
_fc.3
_i56480
_sb
999 _c51358
_d51358